Revenge (Record n. 101562)

Dettagli MARC
000 -LEADER
fixed length control field 01123njm a2200313Ia 4500
001 - CONTROL NUMBER
control field 40294
003 - CONTROL NUMBER IDENTIFIER
control field IT-RoPAU
005 - DATE AND TIME OF LATEST TRANSACTION
control field 20220918181145.0
008 - FIXED-LENGTH DATA ELEMENTS--GENERAL INFORMATION
fixed length control field 131025s9999 xx 000 0 und d
040 ## - CATALOGING SOURCE
Original cataloging agency IT-RoPAU
040 ## - CATALOGING SOURCE
Transcribing agency IT-RoPAU
041 ## - LANGUAGE CODE
Language code of text/sound track or separate title INGLESE
999 ## - SYSTEM CONTROL NUMBERS (KOHA)
Koha Dewey Subclass [OBSOLETE] n.d.
100 ## - MAIN ENTRY--PERSONAL NAME
Personal name Eurythmics
9 (RLIN) 9023
100 ## - MAIN ENTRY--PERSONAL NAME
Relator term Autore musica
9 (RLIN) 21081
100 ## - MAIN ENTRY--PERSONAL NAME
Miscellaneous information Codice autore musica SPICS: 8026
9 (RLIN) 9025
245 ## - TITLE STATEMENT
Title Revenge
250 ## - EDITION STATEMENT
Edition statement 1a ed.
260 ## - PUBLICATION, DISTRIBUTION, ETC. (IMPRINT)
Place of publication, distribution, etc. NEW YORK
260 ## - PUBLICATION, DISTRIBUTION, ETC. (IMPRINT)
Name of publisher, distributor, etc. RCA RECORDS
Date of publication, distribution, etc. 1986 [1a Ed.:1986 - Ed. Lingua Orig.: 1986]
300 ## - PHYSICAL DESCRIPTION
Extent COMPACT DISC
300 ## - PHYSICAL DESCRIPTION
Dimensions 46 minuti (Testo: pag.)
500 ## - GENERAL NOTE
General note Canzone inglese, Musica rock
505 ## - FORMATTED CONTENTS NOTE
Formatted contents note Missionary Man - Thorn In My Side - When Tomorrow Comes - The Last Time - The Miracle of Love - Lets Go! - Take Your Pain Away - A Little of You - In This Town - I Remember You
650 ## - SUBJECT ADDED ENTRY--TOPICAL TERM
Topical term or geographic name as entry element ROCK [COMPACT DISC]
Relator term Codice MATERIA SPICS: 9949
9 (RLIN) 21083
700 ## - ADDED ENTRY--PERSONAL NAME
Personal name Eurythmics
Relator term Autore testo e musica
Miscellaneous information Codice autore testo/musica SPICS: 8026
9 (RLIN) 21085
700 ## - ADDED ENTRY--PERSONAL NAME
Personal name Eurythmics
Miscellaneous information Codice interprete SPICS: 8026
Relator term Interprete
9 (RLIN) 21087
942 ## - ADDED ENTRY ELEMENTS (KOHA)
Koha item type CD AUDIO
Source of classification or shelving scheme Dewey Decimal Classification
Dati di copia
Withdrawn status Lost status Damaged status Not for loan Home library Current library Date acquired Total Checkouts Full call number Date last seen Price effective from Koha item type Public note
    Buone Condizioni Not For Loan SPICS-MEDIATECA SPICS-MEDIATECA 25/10/2013   40294 25/10/2013 25/10/2013 CD AUDIO Progr. Ins.: 14095 / N.Vol.: 1 / Copie: 1 - Copia rara: n.d. / date import: 01.01.2014 - By Epidotti, Trombetti, Vaglietti
CREDITS: SOCIETA' SAN PAOLO Via A.Severo, 58 - ROMA (RM) & PERIODICI SAN PAOLO SRL Via Giotto, 36 MILANO & CISF Via Giotto, 36 MILANO & EDIZIONI SAN PAOLO SRL,  Piazza Soncino, 5 CINISELLO BALSAMO (MI) -- ITALY